Pengantar kesenian Kelantan

Bibliographic Details
Format: Book
Published: Kuala Lumpur : Asrama Za'ba,University Malaya , 1989
Subjects:

MARC

LEADER 00000cam a2200000 7i4500
001 0000003103
002 000003356
005 20131104.0
020 |a 9839963147 
090 0 0 |a 306.089992   |b PEN 
245 0 0 |a Pengantar kesenian Kelantan   |c disunting oleh Dr.Omar Farouk Bajunid 
260 |a Kuala Lumpur :   |b Asrama Za'ba,University Malaya ,   |c 1989 
300 |a 104p. ;   |c 22cm. 
650 0 0 |a Arts   |z Malaysia 
650 0 0 |a Folklore in art   |z Kelantan 
651 0 |a Kelantan   |x Social life and customs 
999 |a 036665   |b BUKU   |c MALAYSIANA   |e PERPUSTAKAAN KOMUNITI PETALING JAYA